50 años Medellín: Segunda Conferencia General del Episcopado Latinoamericano. Documento y ponencias preparatorias.
Guardat en:
| Autor corporatiu: | |
|---|---|
| Format: | Llibre |
| Idioma: | anglès |
| Publicat: |
Bogotá, D.C., Colombia:
Pontificia Universidad Javeriana; Facultad de Teología,
2018.
|
| Matèries: | |
| Accés en línia: | Disponible online desde repositorio Pontificia Universidad Javeriana |
| Etiquetes: |
Afegir etiqueta
Sense etiquetes, Sigues el primer a etiquetar aquest registre!
|
MARC
| LEADER | 00000nam a22000007a 4500 | ||
|---|---|---|---|
| 003 | CL-VaPUC | ||
| 005 | 20250103100421.0 | ||
| 008 | 241002t2018 ||||| |||| 00| 0 eng d | ||
| 999 | |c 444951 |d 444949 | ||
| 020 | |a 978-958-781-256-5 | ||
| 040 | |c Pontificia Universidad Católica de Valparaíso | ||
| 082 | |2 22 |a 278.82 CON 2018 | ||
| 110 | |9 891944 |a Consejo Episcopal Latinoamericano y Caribeño (CELAM) |e autor | ||
| 245 | |a 50 años Medellín: |b Segunda Conferencia General del Episcopado Latinoamericano. Documento y ponencias preparatorias. | ||
| 250 | |b Edición revisada y ajustada. | ||
| 260 | |a Bogotá, D.C., Colombia: |b Pontificia Universidad Javeriana; |b Facultad de Teología, |c 2018. | ||
| 300 | |a 428 páginas. | ||
| 583 | |c 20241002 |k Yessy Sthefany Diaz Vidal | ||
| 611 | 0 | |9 891937 |a Segunda Conferencia General del Episcopado Latinoamericano |y 3-5 abril, 2018 |z Bogotá, Colombia | |
| 650 | 0 | |a Iglesia Católica |x Concilio Vaticano II |x Documento de Medellín |y Siglo 20 |z America Latina |9 256114 | |
| 650 | 0 | |9 308336 |a Teología cristiana |v Conferencias, congresos, etc. |x Aspectos sociales |z América Latina | |
| 856 | |u https://repository.javeriana.edu.co/handle/10554/48103#:~:text=Memorias%20de%20la%20Segunda%20Conferencia%20General%20del%20Episcopado |y Disponible online desde repositorio Pontificia Universidad Javeriana | ||
| 942 | |2 ddc |c BK | ||
| 952 | |0 0 |1 0 |2 ddc |4 0 |6 278_820000000000000_CON_2018 |7 0 |8 A |9 597113 |a BIBTEO |b BIBTEO |d 2024-10-02 |i 5657033 |o 278.82 CON 2018 |p 5657033 |r 2025-01-17 |t 1 |w 2024-10-02 |y BK |k ICR | ||